[Event "COL-ch deaf 2nd"]
[Site "Cali"]
[Date "2008.??.??"]
[Round "3.13"]
[White "Polo, Alberto"]
[Black "Mejia, Fabian Manuel"]
[Result "1-0"]
[WhiteElo "1600"]
[BlackElo "1600"]
[PlyCount "35"]
[EventDate "2008.10.25"]
[EventType "tourn"]
[EventRounds "7"]
[EventCountry "COL"]
[SourceTitle "EXT 2024"]
[Source "ChessBase"]
[SourceDate "2023.10.10"]
[SourceVersion "1"]
[SourceVersionDate "2023.10.10"]
[SourceQuality "1"]

1. d4 e6 2. e4 Nf6 3. Bd3 Nc6 4. Nf3 Bb4+ 5. c3 Bd6 6. h3 0-0 7. 0-0 Qe7 8. Re1 Nh5 9. Ng5 f5 10. exf5 exf5 11. Rxe7 Bxe7 12. Qxh5 Bxg5 13. Bxg5 g6 14. Bc4+ d5 15. Bxd5+ Kh8 16. Qh6 Bd7 17. Na3 Nd8 18. Qxf8# 1-0